000
00335nam a2200133Ia 4500
008
240624s9999 xx 000 0 und d
041
_a
eng
082
_a
332.024 THU
100
_a
THURMAN RANDY L
245
_a
ALL WEATHER RETIREMENT PORTFOLIO
260
_c
2015
_a
Oklahoma
_b
Master Key
300
_a
192 : p. : cm. ; 28
365
_c
RS
999
_c
28608
_d
28608